000 00447nam a22001577a 4500
020 _a9789385301148
082 _aM301
_bBAL/M
100 _aBalakrishnan
_9154328
245 _aMarubhoomiyile swapnam/
_cby Balakrishnan
260 _aKottayam:
_bSahitya Pravarthaka Cooperative Society,
_c2015.
300 _a148p.
650 _aStories Malayalam
_9154329
650 _aLiterature Malayalam
_9154330
650 _aLiterature
_9154331
942 _cBK
999 _c141621
_d141621